000 00296nam a22001217a 4500
008 230620b xxu||||| |||| 00| 0 eng d
082 _a320.96
_bMUN
100 _cKareithi Munuhe
245 _aJM Kariuki In Parliament
260 _bGazelle Books company
_c1975
300 _a131p
942 _2ddc
_cBK
999 _c1704
_d1704